| 000 | 01603nam a2200277Ia 4500 | ||
|---|---|---|---|
| 999 |
_c48598 _d48598 |
||
| 001 | 15498 | ||
| 003 | GE_BSU | ||
| 005 | 20241126110805.0 | ||
| 008 | 181216s2014||||ge |||||||||||||| ||geo|| | ||
| 020 | _a9789941454905 | ||
| 040 | _cGE_BSU | ||
| 041 | _ageo | ||
| 080 | _a821.133.1-31 ს-51 | ||
| 100 |
_aსიმონი, კლოდ _923795 |
||
| 245 |
_aფლანდრიის გზა : _bრომანი / _cკლოდ სიმონი ; ფრანგ. თარგმნეს ილია გასვიანმა და ანზორ აბჟანდაძემ ; გარეკანის დიზაინი ილია ხელაიასი. |
||
| 264 |
_aთბილისი : _bინტელექტი, _c2014. |
||
| 300 |
_a279 გვ. ; _c21 სმ. |
||
| 490 | _aნობელის პრემიის ლაურეატები 1512-4568 | ||
| 500 | _aგამოიცა მერაბ მამარდაშვილის სახ. საგამომცემლო დახმარების პროგრამის ფარგლებში საქ. ფრანგული ინ-ტის ხელშეწყობით | ||
| 653 | _aრომანი | ||
| 653 | _aფლანდრიის გზა | ||
| 700 |
_aგასვიანი, ი. _eმთარგმნელი _923796 |
||
| 700 |
_aაბჟანდაძე, ა. _eმთარგმნელი _923797 |
||
| 700 |
_aხელაია, ი. _eგარეკანის დიზაინი _97635 |
||
| 942 |
_cBK _2udc |
||